000 00920nam a2200301 4500
003 EG-GICUC
005 20260504113126.0
008 260504s1994 fr ||||fr|||| 00| 0 fre d
020 _a2-7076-0598-0
040 _aEG-GiCUC
_bfre
_cEG-GiCUC
_dEG-GiCUC
_eRda
041 0 _afre
082 0 4 _221
_a345.09
_bBU . H
092 0 4 _221
099 _aLaw1 07 345.09 BU . H 2 ed - 1994
100 1 _aBurdean, François
_eAuteur
245 1 0 _aHistoire de l'adminisitration française /
_cFrançois Burdean
250 _a2 édition
264 1 _aParis :
_bMontchrestien,
_c1994.
300 _a337 page ;
_c 24 cm.
336 _2rda contenu
_a texte
337 _2rda medias
_aOrdinateur
338 _2 transporteur rda
_a Ressource en ligne
546 _aTexte en français
650 1 3 _aDroit administratif
856 4 0 _uhttps://fll.law.cu.edu.eg/fulltext/bks/B07-05277.pdf
905 _a30
942 _2ddc
_cBK
_e21
_n0
999 _c75475
_d75475